000 00473nam a2200169Ia 4500
003 GCL
008 140319s9999 xx 000 0 eng d
040 _aGCL /
_cGCL
082 0 4 _a514.74
_bM A
100 1 _aMCGUIRE, MICHAEL
245 1 0 _aAN EYE FOR FRACTALS: A GRAPHIC AND PHOTOGRAPHIC ESSAY. /
_cMCGUIRE, MICHAEL
260 _a[S.N] :
_bADDISON - WESLEY PUBLISHING COMPANY ،
_c1991
300 _a165 PP
650 0 4 _aFRACTALS
650 0 4 _aGRAPHIC
942 _2ddc
_cBK
999 _c22560
_d22560